000 01386nam a2200397 i 4500
001 16066
003 KOSZ 005
005 20230118152147.0
008 040213s1975 pl a f |000 0 pol
015 _aPB 1975/6986
035 _a(OCoLC)831082388
040 _aWA N
_cWA N
_dKOSZ 005/HR
041 0 _apol
046 _k1975
080 _a37.016:514.18
080 _a37.091.33
100 1 _aPałasiński, Zbigniew
_d(1921-1991)
_eAutor
245 1 0 _aPoradnik metodyczny :
_bdla wykładowców i nauczających geometrię wykreślną na wyższych studiach technicznych dla pracujących /
_cZbigniew Pałasiński.
260 _aGliwice :
_bMiędzyuczelniany Ośrodek Metodyczny Wyższych Studiów Technicznych dla Pracujących,
_c1975.
300 _a58 s. :
_bil. ;
_c25 cm.
336 _2rdacontent
_aTekst
_btxt
337 _2rdamedia
_aBez urządzenia pośredniczącego
_bn
338 _2rdacarrier
_aWolumin
_bnc
380 _aKsiążki
388 _a1901-2000
388 _a1945-1989
504 _aBibliogr.
650 4 _aGeometria wykreślna
650 4 _aNauczanie
650 4 _aSzkolnictwo zaoczne
655 4 _aPoradniki dla nauczycieli
658 _aEdukacja i pedagogika
658 _aMatematyka
856 _uhttp://koha.tu.koszalin.pl/cgi-bin/koha/opac-detail.pl?biblionumber=16066
_yKatalog online BPK
942 _2UKD
_cKS
999 _c16066
_d16066